Una oportunidad para nuestros derechos

Bibliographic Details
Main Author: Ospina, Juan Carlos
Format: eBook
Language:Spanish
Published: Bogot:̀ Comisin̤ Colombiana de Juristas, 2017
Subjects:
Online Access:Acceso restringido

MARC

LEADER 00000nam a22000007a 4500
005 20200305235239.0
007 cr|||| ||||
008 200305s2017 co |||||s|||| 00||0 spa d
020 |a 978-958-xxxxxx-x 
035 |a 31150 
040 |a vLex 
090 |c 10187  |d 10187 
100 1 |a Ospina, Juan Carlos 
245 1 0 |a Una oportunidad para nuestros derechos  |h [Recurso electrn̤ico] /  |c Juan Carlos Ospina, Cielo Linares, Jorge Abril Maldonado 
256 |a Servicio en ln̕ea 
260 |a Bogot:̀  |b Comisin̤ Colombiana de Juristas,  |c 2017 
300 |a 1 recurso electrn̤ico 
506 1 |a Disponible solo en los productos indicados  |d vLex Global  |d vLex Global (Academic Edition, excluding Law Schools)  |d vLex Global (U.S. Academic Edition, Law Schools)  |d vLex Global (U.S. Academic Edition, excluding Law Schools)  |d vLex Global (Academic Edition, Law Schools) 
650 0 4 |a Derecho Internacional  |z Colombia 
740 0 |a vLex Libros (Servicio en ln̕ea) 
856 4 0 |u http://vlex.com/source/oportunidad-nuestros-derechos-31150  |z Acceso restringido 
942 |c BOOK 
999 0 |a International right